Дело о пожаловании подполковнику корпуса флотских штурманов Маркову из Кабинета его величества подарка, ценой 400 рублей

Доступно только в Электронных читальных залах Найти на картеНа карте
RUSMARC
00003542nmc2a22002413x 450
001189c5073-2b4a-4a50-945d-92836947e4a1
00520241118235200.0
100##$a20240523l19011901k l0rusy0189 ca
1010#$arus
102##$aRU
105##$ay###
1222#$ad
2001#$aДело о пожаловании подполковнику корпуса флотских штурманов Маркову из Кабинета его величества подарка, ценой 400 рублей
$j22 мая - 9 июня 1901 г.
215##$a7 л.
$d36,5х26 см
251##$cДело
300##$aДело
371##$aДокумент не является опубликованным и широко распространяемым
461#0$1001RusGRCC00079474
$12001
$aКанцелярия Министерства Императорского двора
$1251
$cФонд
$1852
$j472
462#0$10012e101c38-6a4d-430a-82d1-4e0fc663abca
$12001
$aКанцелярия Министерства Императорского двора
$1251
$cОпись
$1852
$j44
$l428-2201
801#0$aRU
$bРГИА
$c20240523
$gRCR
801#1$aRU
$bГлавНИВЦ
$c20240523
$2rusmarc
801#2$aRU
$bПБ им. Б.Н. Ельцина
$c20241118
$gRCR
$2rusmarc
850##$aРГИА
852##$aРГИА
$eФедеральное казенное учреждение "Российский государственный исторический архив" (РГИА)
$j157
937##$hРГИА
$d12416702
$aASBIBLIO_SCAN
035##$aRusGRCC00079303
856##$uhttp://readingroom.main.prlib.ru/item.aspx?id_node=n194913841&mode=full
Формат отображения